Sports Quiz

Random Sports or MLB Quiz

MLB Last Five Players with 100 RBIs Per Team Quiz Stats

Quiz Updated Oct 1, 2017

Challenge
Share
Tweet
Embed
Score 0/150 Timer 12:00
0 Plays Today
player % Correct
Chipper Jones
92.9%
Andruw Jones
92.7%
Adrian Gonzalez
91.8%
Luis Gonzalez
91.8%
Adam Jones
91%
Edwin Encarnacion
90.9%
Albert Pujols
90.3%
Adrian Gonzalez
90.1%
David Ortiz
89.9%
Adrian Gonzalez
89.7%
Charlie Blackmon
89.5%
Alex Rodriguez
89.4%
Hanley Ramirez
88.8%
Aramis Ramirez
88.8%
Miguel Cabrera
88.6%
Aramis Ramirez
88.2%
Ryan Howard
86.9%
Marcell Ozuna
86.8%
Aramis Ramirez
86.3%
Prince Fielder
84.4%
Barry Bonds
83.5%
Joey Votto
83.4%
Mike Trout
82.8%
Ryan Braun
82.7%
Albert Pujols
82.2%
David Wright
79.5%
Evan Longoria
79.4%
Chase Utley
79.3%
Jeff Bagwell
79.3%
Victor Martinez
78.9%
Nelson Cruz
78.8%
Carlos Beltran
77.3%
Justin Morneau
77%
Victor Martinez
76.5%
Josh Hamilton
76.3%
Paul Konerko
75.3%
Mark Teixeira
75.3%
Giancarlo Stanton
75.2%
Carlos Lee
75%
Derrek Lee
74.9%
Mark Trumbo
74.8%
Hanley Ramirez
74.6%
Carlos Beltran
73.8%
Matt Holliday
73.7%
Matt Holliday
73.7%
Prince Fielder
73.6%
Lance Berkman
73.5%
Jim Thome
73.4%
Jim Thome
73.4%
Robinson Cano
73.3%
player % Correct
Nomar Mazara
72.9%
Khris Davis
72.4%
Matt Kemp
72.4%
Anthony Rizzo
71.9%
Adam Lind
71.6%
Adam Duvall
70.7%
Jake Lamb
70.6%
Jim Thome
70.3%
Adrian Beltre
69.8%
Adam Dunn
69.5%
Ryan Zimmerman
68.3%
Jose Abreu
68.3%
Paul Goldschmidt
67.7%
Jeff Kent
67.6%
Jeff Kent
67.6%
Adam Dunn
66.6%
Troy Tulowitzki
66.5%
Carlos Delgado
66.1%
Carlos Pena
65.4%
Buster Posey
65.2%
Jeff Kent
64.7%
Aaron Judge
63.9%
Bobby Abreu
63.4%
Bobby Abreu
63.4%
Josh Donaldson
63.1%
Frank Thomas
62.5%
Nelson Cruz
62.3%
Justin Upton
62.3%
Daniel Murphy
62.1%
Michael Young
62%
Delmon Young
62%
Kevin Young
61.9%
Miguel Tejada
61.9%
Alfonso Soriano
61.8%
Vladimir Guerrero
61.7%
Freddie Freeman
61.5%
Mookie Betts
60.5%
Jay Bruce
60.3%
Jermaine Dye
59.2%
Matt Williams
59.1%
Curtis Granderson
58.7%
Mike Piazza
58.3%
Brandon Phillips
57.8%
Aaron Hill
57.2%
Torii Hunter
56%
Nolan Arenado
55.7%
Jim Edmonds
54.5%
Billy Butler
53.7%
Travis Hafner
53.5%
Mark Reynolds
52.5%
player % Correct
Eric Hosmer
52.5%
Jacoby Ellsbury
50.7%
Jose Bautista
50.7%
Scott Rolen
50.5%
Nick Castellanos
50.4%
Matt Kemp
49.8%
Jason Bay
49.8%
Andre Ethier
48.3%
Dan Uggla
48.1%
Kris Bryant
47.9%
Chris Davis
46%
Adam LaRoche
45.6%
Richie Sexson
44.6%
Jonathan Schoop
44.6%
Edwin Encarnacion
44.2%
Bret Boone
43.1%
Eric Chavez
43%
Pat Burrell
41.3%
Brian Giles
40.5%
Kendrys Morales
40.4%
Chase Headley
39.7%
Mark Trumbo
38.8%
Fred McGriff
38.5%
J.D. Martinez
37.8%
Pedro Alvarez
37.2%
Raul Ibanez
36.9%
Raul Ibanez
36.9%
Travis Shaw
35.5%
Adam LaRoche
35.4%
Kendrys Morales
35.4%
J.D. Drew
35.4%
Carlos Gonzalez
34.6%
Josh Willingham
33.9%
Robinson Cano
33.5%
Aubrey Huff
32.7%
Mike Napoli
30.9%
Phil Nevin
27.6%
Carlos Quentin
25.4%
Jason Kubel
24.7%
Ryan Klesko
24%
Morgan Ensberg
23.9%
Robin Ventura
21.9%
Brad Hawpe
21.7%
Ryan Ludwick
19.6%
Anthony Rendon
17.9%
Casey McGehee
16.1%
J.T. Snow
13.7%
Jorge Cantu
13.7%
Jorge Cantu
13.7%
Jeff Francoeur
13.1%

You're not logged in!

Compare scores with friends on all Sporcle quizzes.
Join for Free
OR
Log In

You Might Also Like...

Show Comments

Extras

Top Quizzes Today


Score Distribution

Your Account Isn't Verified!

In order to create a playlist on Sporcle, you need to verify the email address you used during registration. Go to your Sporcle Settings to finish the process.

Report this User

Report this user for behavior that violates our Community Guidelines.

Details: